000
00227nam a22000857a 4500
008
170104b xxu||||| |||| 00| 0 eng d
100
_9
2266
_a
Aggrwal.K.et al
245
_a
Mental Maths-X
260
_a
New Delhi
_b
Rachna Publication
_c
2012
999
_c
5153
_d
5153